Rastafari trivia - Statistics

General Stats
  • This quiz has been taken 123 times
  • The average score is 7 of 12
Answer Stats
Question Answer % Correct
The holy herb Cannabis
84%
Country where the movement was founded Jamaica
84%
Influenced/shaped Rastafari philosophy through his music Bob Marley
83%
Ethiopian emperor believed to be the messiah/God incarnate Haile Selassie
80%
Location of zion, the paradise on earth Africa
74%
Name for God Jah
73%
Name for oppressive Western society Babylon
58%
Jewish king of whom Selassie was believed to be a descendant King Solomon
47%
Black nationalist leader whose ideas became the foundation of Rastafari Marcus Garvey
39%
Diet of natural foods Ital diet
34%
The day on which Selassie came to Jamaica Groundation Day
15%
Best known early preacher Leonard Howell
11%
No matching quizzes found
Score Distribution
Percent of People with Each Score
Percentile by Number Answered
Your Score History
You have not taken this quiz